Classic Novels: Nineteen Eighty-Four - Statistics

General Stats
  • This quiz has been taken 52 times
  • The average score is 10 of 15
Answer Stats
Question Answer % Correct
Who wrote the novel? George Orwell
100%
Which (possibly fictional) dictatorial leader “is watching you”? Big Brother
93%
In which decade was it first published? 1940s
78%
What month is it, according to the opening line? April
76%
What is the surname of the protagonist, Winston? Smith
71%
After arrest, Winston faces his greatest fear, in which room? Room 101
69%
What is the name of the propaganda department where he works? The Ministry of {Truth}
67%
What is the name of the woman Winston starts a relationship with? Julia
64%
Which fictional language is intended to limit critical thinking ability? Newspeak
64%
It is part of a totalitarian superstate known by what one word title? Oceania
62%
What name is given to the daily 120 seconds of venting for citizens? Two Minutes’ {Hate}
58%
What term means simultaneously accepting conflicting ideas as true? Doublethink
53%
Great Britain has been given which new two-word name? Airstrip One
49%
What is the surname of Winston’s superior, an Inner Party official? O’Brien
44%
The book concludes with which chilling four-word sentence? He loved Big Brother
40%
No matching quizzes found
Score Distribution
Percent of People with Each Score
Percentile by Number Answered
Your Score History
You have not taken this quiz